000 00570nam a2200181Ia 4500
008 100917s9999 xx 000 0 und d
082 _b10710
100 _aभिडे रामकृष्ण गोपाळ
245 _aलाला लजपतराय
260 _bचित्रशाळा प्रकाशन
_c1960
300 _a55
365 _b0.75
520 _aबालविभाग
630 _aलाला लजपतराय
650 _aबालविभाग
730 _aलाला लजपतराय
942 _cBOOK
999 _c616104
_d616101